Strongest countries in each continent - Statistics

General Stats
  • This quiz has been taken 195 times
    183 since last reset
  • The average score is 23 of 30
Answer Stats
Continent Answer % Correct
Africa Egypt
95%
Asia Russia
95%
Asia China
94%
N. America United States Of America
92%
Africa South Africa
90%
Africa Algeria
89%
N. America Canada
89%
Europe France
89%
Europe United Kingdom
89%
S. America Brazil
88%
Asia India
88%
N. America Mexico
88%
S. America Argentina
85%
Oceania Australia
81%
Europe Italy
81%
N. America Cuba
79%
Oceania New Zealand
78%
S. America Colombia
76%
Africa Nigeria
76%
Asia South Korea
76%
S. America Chile
74%
S. America Venezuela
69%
Europe Poland
68%
Europe Ukraine
67%
Africa Ethiopia
63%
Asia Pakistan
63%
Oceania Fiji
57%
N. America Honduras
47%
Oceania Solomon Islands
41%
Oceania Vanuatu
36%
No matching quizzes found
Score Distribution
Percent of People with Each Score
Percentile by Number Answered
Your Score History
You have not taken this quiz since the last reset